How I believe

محفوظ في:
التفاصيل البيبلوغرافية
المؤلف الرئيسي: Teilhard de Chardin, Pierre
التنسيق: كتاب
اللغة:Undetermined
منشور في: New York, Estados Unidos Harper and Row 1969
الموضوعات:
الوسوم: إضافة وسم
لا توجد وسوم, كن أول من يضع وسما على هذه التسجيلة!

MARC

LEADER 00000nam a2200000Ia 4500
008 170316s9999 xx 000 0 und d
090 |a 230 T-1h 
100 |a Teilhard de Chardin, Pierre 
245 |a How I believe 
260 |a New York, Estados Unidos 
260 |b Harper and Row 
260 |c 1969 
300 |a 91 páginas 
650 |a TEOLOGÍA 
999 |c 18092  |d 18092 
040 |a cru BVZT 
942 |c 15 D  |h 230 T-1h  |2 z